Compendex : January - September, 1996
Citations with abstracts to worldwide literature in engineering and technology, excluding patents
Bewaard in:
| Formaat: | Boek |
|---|---|
| Taal: | Undetermined |
| Gepubliceerd in: |
Hoboken (N.J.)
Engineering Information, Inc.
1996
|
| Onderwerpen: | |
| Tags: |
Voeg label toe
Geen labels, Wees de eerste die dit record labelt!
|
| Thư viện lưu trữ: | Trung tâm Học liệu Trường Đại học Cần Thơ |
|---|
| LEADER | 00670nam a2200193Ia 4500 | ||
|---|---|---|---|
| 001 | CTU_29382 | ||
| 008 | 210402s9999 xx 000 0 und d | ||
| 082 | |a 620 | ||
| 082 | |b C737 | ||
| 245 | 0 | |a Compendex : | |
| 245 | 0 | |b January - September, 1996 | |
| 260 | |a Hoboken (N.J.) | ||
| 260 | |b Engineering Information, Inc. | ||
| 260 | |c 1996 | ||
| 520 | |a Citations with abstracts to worldwide literature in engineering and technology, excluding patents | ||
| 650 | |a Kỹ thuật,Công nghệ,Engineering,Technology | ||
| 650 | |x Tóm tắt,Tóm tắt,Abstracts,Abstracts | ||
| 904 | |i Minh, 990331 | ||
| 980 | |a Trung tâm Học liệu Trường Đại học Cần Thơ | ||